01187nab a22002057a 4500999001500000003000400015005001700019008004100036040000700077100003700084245019500121260007200316300001300388500003900401505025800440505008900698650003700787773014400824942001300968 c5903d5903OSt20260110005152.0190605e xxu||||| |||| 00| 0 spa d cPJ 96774aHenriques, María Roxana 13aEl fraude a la ley y los acuerdos de extinción. Análisis del supuesto previsto en el art. 241 de la Ley de Contrato de Trabajo y su relación con el fraude /cMaría Roxana Henriques.  aCiudad Autónoma de Buenos Aires :bThomson Reuters La Ley,c2023. ap. 92-96 aCita: TR LALEY AR/DOC/1865/2023.  aSumario: I. Introducción.— II. El art. 241 de la LCT.— III. Características.— IV. Requisitos.— V. Consecuencias.— VI. El fraude.— VII. La desigualdad negocial y el desprecio al sistema tuitivo.— VIII. Conclusión y reflexión final.  t¿Te interesa el texto completo? Solicitalo al correo: koha@justierradelfuego.gov.ar 091383aLEY DE CONTRATO DE TRABAJO0 0271193168dCiudad Autónoma de Buenos Aires : Thomson Reuters La Ley, 1999-2002.tRevista de derecho del trabajo. Nº 5 - Septiembre 2023 2udccANA